| 000 | 00568nam a2200181 a 4500 | ||
|---|---|---|---|
| 001 | BRCA_670 | ||
| 005 | 20190320203112.0 | ||
| 008 | 170408s2005----sp-a---###---#000-0#spa-# | ||
| 020 | _a8493373605 | ||
| 050 | 4 |
_aN3444 _b.G95 2005 |
|
| 245 | 1 | 0 | _aGuía breve del Museo Lázaro Galdiano. |
| 260 |
_aMadrid _bFundación Lázaro Galdiano _c2005 |
||
| 300 |
_a105 p. _bil. a color _c21 cm. |
||
| 504 | _aBibliografía: p. 105 | ||
| 610 | 2 | 4 |
_aMuseo Lázaro Galdiano _xColecciones de arte _zMadrid _92220 |
| 610 | 2 | 4 |
_aMuseo Lázaro Galdiano _vGuías _zMadrid _92221 |
| 942 |
_2lcc _cB |
||
| 999 |
_c579 _d579 |
||